| Tag |
First Indicator |
Second Indicator |
Subfields |
| LEADER |
00000cas a22000001 4500 |
| 001 |
in00000042582 |
| 005 |
20151007074750.0 |
| 008 |
750726c19609999nyumr1p 0uuua0eng d |
| 010 |
|
|
|a 62053533
|
| 012 |
|
|
|a 3
|e s
|k 1
|m 1
|
| 019 |
|
|
|a 1315306
|
| 022 |
0 |
|
|a 0002-7707
|
| 032 |
|
|
|a 017640
|b USPS
|
| 035 |
|
|
|a (OCoLC)01479600
|
| 035 |
|
|
|9 AAF2058AM
|
| 040 |
|
|
|a MUL
|c MUL
|d SUL
|d FUL
|d UDI
|d YUS
|d COO
|d NSD
|d DLC
|d m.c.
|d OCL
|d DLC
|d OCL
|d SER
|d OCL
|d AIP
|d TXA
|d UtOrBLW
|
| 042 |
|
|
|a nsdp
|a lc
|
| 043 |
|
|
|a n-us---
|
| 049 |
|
|
|a TXAE [Latest] [ed:Ref]
|
| 050 |
0 |
0 |
|a Z1219
|b .A515
|
| 060 |
0 |
0 |
|a Z 1219 A512
|
| 069 |
1 |
|
|a A23250000
|
| 070 |
|
|
|a 243.8
|b A511
|
| 082 |
0 |
|
|a 015
|
| 222 |
|
0 |
|a BPR. American book publishing record
|
| 245 |
0 |
0 |
|a American book publishing record.
|
| 246 |
1 |
4 |
|a BPR
|
| 264 |
|
1 |
|a New York :
|b Bowker.
|
| 300 |
|
|
|a volumes
|
| 310 |
|
|
|a Monthly
|
| 336 |
|
|
|a text
|b txt
|2 rdacontent
|
| 337 |
|
|
|a unmediated
|b n
|2 rdamedia
|
| 338 |
|
|
|a volume
|b nc
|2 rdacarrier
|
| 362 |
0 |
|
|a v. 1- Feb. 1, 1960-
|
| 500 |
|
|
|a Years issues cumulated in: American book publishing record. BPR cumulative.
|
| 500 |
|
|
|a "Monthly cumulation from the weekly record listings of Publisher's weekly."
|
| 651 |
|
0 |
|a United States
|v Imprints.
|
| 710 |
2 |
|
|a R.R. Bowker Company.
|
| 730 |
0 |
|
|a Publisher's weekly.
|
| 999 |
|
|
|a MARS
|
| 999 |
f |
f |
|s 69907984-26f2-3695-b0da-7e748140ecf1
|i b02f44a6-0941-32da-8d64-4039f9ed6abd
|t 0
|
| 952 |
f |
f |
|a Texas A&M University
|b College Station
|c Sterling C. Evans Library
|d Evans: Library Stacks
|t 0
|e Z1219 .A515
|h Library of Congress classification
|
| 998 |
f |
f |
|a Z1219 .A515
|s v.62:no.1-6 (2021:Jan.31-June 30)
|t 0
|l Evans: Library Stacks
|